Kunstgeschichte zwischen Erinnern und Vergessen. Über Forschungen zur Kunst Preußenlandes Herrn Professor Adam S. Labuda gewidmet

Bibliographic Details
Main Author: Żuchowski, Tadeusz (Author)
Other Authors: Gerát, Ivan, 1964- (Translator)
Format: Article
Language:Slovak
German
PhysicalDescription:Fotogr., obr.
ISSN:0044-9008
Subjects:

MARC

LEADER 00000nab a2200000 a 4500
001 vtls009276868
003 SK-MaSNL
005 20260303183414.0
008 140402c2007 xo fr|p|||||||000 b|slo
015 |a SNBRB2008/03  |2 snkbucl 
038 |a SNKBUCL 
040 |a SNKBUCL  |b slo  |c SNKBUCL  |e AACR2 
041 0 |a ger  |b slo 
044 |a xo  |c SK 
080 |a 930.85  |x (431)  |2 2001 
080 |a 7(431)  |2 2001 
100 1 |a Żuchowski, Tadeusz  |4 aut  |9 1212531 
245 1 0 |a Kunstgeschichte zwischen Erinnern und Vergessen. Über Forschungen zur Kunst Preußenlandes  |b Herrn Professor Adam S. Labuda gewidmet  |c Tadeusz J. Żuchowski ; preklad I. Gerát 
300 |b Fotogr., obr. 
500 |a Poznámky pod čiarou 
546 |a Res. slov. 
650 0 7 |a dejiny umenia  |2 snkbucl  |9 1066 
650 0 7 |a umenie  |2 snkbucl  |9 1060 
651 7 |a Prusko  |2 snkbucl  |9 56245 
700 1 |a Gerát, Ivan,  |d 1964-  |4 trl  |9 233354 
773 0 |t Ars  |g Roč. 40, č. 2 (2007), s. 195-205  |x 0044-9008 
852 |a SNK  |b KIS3GCP 
958 |a DE 
958 |a PL 
999 |c 2121007  |d 2122937